| 000 | 01116cam a22003617a 4500 | ||
|---|---|---|---|
| 003 | CHAP | ||
| 005 | 20220817043127.0 | ||
| 008 | 971013s1986 it a r 00010 fre d | ||
| 010 | _a66343 | ||
| 011 | _a67315 | ||
| 020 | _a92520251 (Pte.2) | ||
| 035 | _a76785 | ||
| 040 | _cCHAP | ||
| 082 |
_a639.2 _bF3f v.272 |
||
| 110 | _aFAO | ||
| 245 | 1 | 0 | _aLes ressources halieutiques des pays insulaires du Pacifique |
| 260 |
_aRome : _bFAO, _c198- |
||
| 300 |
_av. : _bilus., gráfs. |
||
| 410 | _aFAO | ||
| 490 | 0 |
_aDocumento técnico de pesca _v; 272/1-3 |
|
| 500 | _aLa biblioteca tiene : Pte. 2. les holothurians | ||
| 590 |
_aBATCH-UPD _b10 _c20130110 _lUCH01 _h0822 |
||
| 590 |
_aBATCH-UPD _b10 _c20130410 _lUCH01 _h0500 |
||
| 590 |
_aBATCH-UPD _b10 _c20130914 _lUCH01 _h1213 |
||
| 590 |
_aCONVERSION _b10 _c20130109 _lUCH01 _h1337 |
||
| 650 | 1 | 4 | _aRecursos marinos. |
| 700 | 0 |
_aConand, C. _926275 |
|
| 810 | 0 | _aFAO | |
| 830 | 0 | 0 |
_aDocumento técnico de pesca _v; 272/1-3 _933242 |
| 901 | _aBK | ||
| 942 | _cLIBRO | ||
| 949 |
_a639.2 F3f v.272 _bBC _cFAO _d33724002235066 _eFAO1 _fPte.2 _gDonaciØn _h73593 _i76785 _si |
||
| 999 |
_c66343 _d66343 |
||